[Event "Floripa Chess Open 2024"]
[Site "Florianopolis"]
[Date "2024.01.25"]
[Round "7.201"]
[White "Biazon, Heloise De Oliveira"]
[Black "Mazzuco Junior, Adir"]
[Result "1-0"]
[WhiteElo "1030"]
[BlackElo "1479"]
[PlyCount "76"]
[EventDate "2024.01.20"]
[EventRounds "10"]
[EventCountry "BRA"]

1. d4 d5 2. c4 c6 3. Nc3 Nf6 4. Bf4 e6 5. e3 Bd6 6. Bg3 Na6 $146 ({RR} 6... O-O
7. Nf3 b6 8. Bd3 Bb7 9. Qc2 Qe7 10. Ne5 Nbd7 11. f4 Rfe8 12. Bh4 Nf8 13. Ng4
Ng6 14. Bg5 Qd8 15. h4 Be7 16. Ne5 Nf8 17. Bxf6 Bxf6 18. O-O-O Be7 19. cxd5
exd5 20. Kb1 Bd6 21. Qf2 {Von Bardeleben,C-Vergani,B Hastings 1895 1-0 (38)}) (
{RR} 6... O-O 7. Nf3 b6 8. Bd3 Ba6 9. cxd5 exd5 10. Rc1 Re8 11. Bxa6 Nxa6 12.
O-O Bxg3 13. hxg3 Qd6 14. Qa4 Nb8 15. Ne5 a5 16. Rfd1 b5 17. Qc2 Ra7 18. Qf5
Qe6 19. Qxe6 Rxe6 20. Ne2 Nfd7 21. Nf4 {Torre,E (2561)-Laylo,D (2509) Subic
Bay 2009 1-0 (47)}) ({RR} 6... O-O 7. Nf3 dxc4 8. Bxc4 b5 9. Be2 a6 10. O-O c5
11. dxc5 Bxc5 12. Qc2 Bb7 13. Nxb5 Nbd7 14. Nd6 Bd5 15. a3 Qe7 16. Nc4 Rfc8 17.
b4 Ba7 18. Rac1 Nb6 19. Nfd2 Qb7 20. Bf3 Nxc4 21. Nxc4 {Escalona Landi,S (2126)
-Nastore,P (2306) chess.com INT 2022 0-1 (45)}) ({RR} 6... O-O 7. Nf3 b6 8. Bd3
Qe7 9. O-O Bxg3 10. hxg3 Nbd7 11. e4 dxe4 12. Nxe4 Bb7 13. Re1 Rad8 14. Qc2 g6
15. Nxf6+ Nxf6 16. c5 bxc5 17. dxc5 Rd5 18. b4 Rfd8 19. Bc4 Rh5 20. Rad1 Rxd1
21. Rxd1 {Bryzgalin,K (2424)-Lederman,L (2260) Pardubice 2017 1-0}) ({RR} 6...
Bxg3 7. hxg3 Nbd7 8. Nf3 Qe7 9. Qc2 h6 10. cxd5 exd5 11. Bd3 c5 12. b3 O-O 13.
Rd1 cxd4 14. Nxd4 Nc5 15. Be2 Bd7 16. Bf3 Rac8 17. Nxd5 Nxd5 18. Bxd5 Na4 19.
Qg6 Bb5 20. Qxg7+ Kxg7 21. Nf5+ {Prahl,G-Olejarczyk,B Warsaw 1959 1-0 (38)}) 7.
Nf3 c5 8. a3 cxd4 9. exd4 dxc4 10. Bxc4 O-O 11. Qc2 Be7 12. O-O-O Nc7 13. Bd3
h6 14. Ne4 Ncd5 15. Nxf6+ Nxf6 16. h4 Bd7 17. Kb1 Rc8 18. Qd2 Qb6 19. Ka2 Bc6
20. Bc4 Bd5 21. Bxd5 Nxd5 22. Rc1 a5 23. Ne5 a4 24. Qd3 Qd8 25. Qb5 Nb6 26.
Rxc8 Nxc8 27. Qxa4 Qd5+ 28. Qb3 Qxg2 29. Rc1 Qd5 30. Qxd5 exd5 31. Rc7 f6 32.
Ng6 Re8 33. Rxc8 Kf7 34. Rxe8 Kxe8 35. Nxe7 Kxe7 36. Kb3 Kd7 37. Kb4 Kc6 38. a4
h5 1-0

[Event "Floripa Chess Open 2024"]
[Site "Florianopolis"]
[Date "2024.01.25"]
[Round "7.202"]
[White "Barbetta Silva, Maria Eduarda"]
[Black "Ribeiro, Erica De Jesus"]
[Result "0-1"]
[WhiteElo "1800"]
[BlackElo "1434"]
[PlyCount "116"]
[EventDate "2024.01.20"]
[EventRounds "10"]
[EventCountry "BRA"]

1. d4 e6 2. Nf3 d5 3. e3 f5 4. Bd3 Nf6 5. O-O Bd6 6. b3 O-O 7. Bb2 Nbd7 8. Nbd2
Ne4 9. c4 c6 10. Ne5 Nxd2 11. Qxd2 Nxe5 $146 ({RR} 11... Qf6 12. f4 Qe7 13. Rf3
Nxe5 14. fxe5 Ba3 15. Rc1 Bxb2 16. Qxb2 Bd7 17. cxd5 exd5 18. Rcf1 g6 19. Qf2
Qf7 20. g4 Be6 21. gxf5 gxf5 22. Bxf5 Qg7+ 23. Rg3 Rxf5 24. Rxg7+ Kxg7 25. Qg2+
Kh8 26. Rxf5 {Schneider,P (1480)-Homfeldt,M (810) Forchheim 2010 1-0 (37)}) 12.
dxe5 Be7 13. f4 Bd7 14. Rac1 a5 15. a3 Qb6 16. Bc2 Rfd8 17. Bd1 Be8 18. Qf2 Bf7
19. Kh1 Bg6 20. cxd5 Rxd5 21. Bd4 Qd8 22. a4 c5 23. Bf3 cxd4 24. Bxd5 exd5 25.
exd4 Rc8 26. Qf3 Bf7 27. Qd3 g6 28. Qb5 Rxc1 29. Rxc1 b6 30. Qc6 Be8 31. Qe6+
Bf7 32. Qc6 Be8 33. Qc2 Kf7 34. Qe2 Bd7 35. h3 Ba3 36. Rg1 Qc7 37. g4 Qc3 38.
gxf5 Qxh3+ 39. Qh2 Qxh2+ 40. Kxh2 Bxf5 41. Ra1 Bb4 42. Rc1 Bd7 43. Rc7 Ke6 44.
Rb7 Bc3 45. Rxb6+ Ke7 46. Ra6 Bf5 47. Ra7+ Kd8 48. Rxh7 Bxd4 49. Kg3 Bc5 50.
Kf3 Be4+ 51. Ke2 d4 52. Rh8+ Kd7 53. Rh7+ Ke6 54. Rh8 d3+ 55. Kd2 Bb4+ 56. Kc1
d2+ 57. Kb2 d1=Q 58. Re8+ Kd7 0-1

[Event "Floripa Chess Open 2024"]
[Site "Florianopolis"]
[Date "2024.01.25"]
[Round "7.203"]
[White "Salomoni, Lorenzo"]
[Black "Mantovani, Helio Cardoso"]
[Result "1-0"]
[WhiteElo "1800"]
[BlackElo "1382"]
[PlyCount "57"]
[EventDate "2024.01.20"]
[EventRounds "10"]
[EventCountry "BRA"]

1. e4 e5 2. Nf3 Nc6 3. Bc4 Bc5 4. c3 Nf6 5. d3 d6 6. O-O a6 7. Bb3 h6 8. Re1 ({
RR} 8. Nbd2 O-O 9. h3 Re8 10. Re1 Be6 11. Bc2 d5 12. Nh2 b5 13. exd5 Bxd5 14.
Qe2 Bb6 15. Ne4 Nxe4 16. dxe4 Be6 17. Qf3 Qh4 18. Nf1 Rad8 19. Be3 Bxe3 20.
Qxe3 Ne7 21. Ng3 Qf4 22. Qxf4 exf4 {Domingo Nunez,R (2416)-Laddha,S (2171)
Roquetas de Mar ESP 2022 1-0 (59)}) 8... Be6 $146 ({RR} 8... Qe7 9. Nbd2 Be6
10. Nf1 O-O 11. Ng3 Qd7 12. h3 Rad8 13. d4 Bxb3 14. axb3 exd4 15. cxd4 Bb4 16.
Bd2 Bxd2 17. Qxd2 Ne7 18. Nh4 Rfe8 19. f3 Qb5 20. Rac1 Qg5 21. Qxg5 hxg5 22.
Nhf5 Nxf5 23. Nxf5 {Oparin,G (2189)-Volodin,V (2225) Marianske Lazne 2009 1-0 
(57)}) ({RR} 8... O-O 9. h3 Be6 10. Bc2 d5 11. Nbd2 dxe4 12. dxe4 Qe7 13. Nh2
Rad8 14. Qf3 Nh7 15. Ndf1 Kh8 16. b4 Bb6 17. a4 Qh4 18. Be3 Ng5 19. Qe2 Bxe3
20. Qxe3 Qf4 21. Qc5 Rd6 22. b5 Ne7 23. Qxc7 {Movsesian,S (2723)-Tkachiev,V 
(2664) Moscow 2008 0-1 (41)}) ({RR} 8... Bg4 9. Nbd2 Qd7 10. Nf1 Ne7 11. h3
Bxf3 12. Qxf3 Ng6 13. Ne3 Nh4 14. Qd1 g5 15. d4 exd4 16. cxd4 Bb4 17. Rf1 O-O-O
18. a3 Ba5 19. e5 dxe5 20. dxe5 Qb5 21. Qc2 Qxe5 22. Nc4 Qb5 23. Be3 {Gavrikov,
V (2470)-Korzubov,P (2450) Minsk (Belarus) 1983 1-0 (64)}) 9. Bc2 Bg4 10. h3
Bxf3 11. Qxf3 O-O 12. Nd2 b5 13. Nf1 d5 14. exd5 Qxd5 15. Qg3 Qe6 16. Bb3 Nd5
17. Bxd5 Qxd5 18. Bxh6 g6 19. Bxf8 Rxf8 20. Nd2 Rd8 21. Ne4 Be7 22. b3 Qe6 23.
Rad1 f5 24. Nc5 Qf6 25. h4 Rf8 26. d4 Bd6 27. dxe5 Bxe5 28. Qf3 Nd8 29. Qd5+
1-0

[Event "Floripa Chess Open 2024"]
[Site "Florianopolis"]
[Date "2024.01.25"]
[Round "7.204"]
[White "Vaz, Pedro Henrique Lins"]
[Black "Makowski, Silvia Cristina"]
[Result "1-0"]
[WhiteElo "1359"]
[BlackElo "1054"]
[PlyCount "93"]
[EventDate "2024.01.20"]
[EventRounds "10"]
[EventCountry "BRA"]

1. e4 c5 2. c3 d5 3. exd5 Qxd5 4. Nf3 g6 5. Bb5+ ({RR} 5. Na3 Bg7 6. Bc4 Qd8 7.
d4 cxd4 8. Qb3 e6 9. Bg5 Nf6 10. Nxd4 O-O 11. O-O-O Qe7 12. Rhe1 Na6 13. Bf4
Nc5 14. Qb4 Nh5 15. Be3 b6 16. Nc6 Qc7 17. Bxc5 bxc5 18. Qxc5 Qxh2 19. g3 Bb7 {
Nabaty,T (2658)-Sethuraman,S (2624) Khanty-Mansiysk RUS 2019 0-1 (38)}) ({RR} 
5. Na3 Bg7 6. Bc4 Qe4+ 7. Be2 Nf6 8. O-O O-O 9. Re1 Qc6 10. d4 Bg4 11. Ne5 Bxe2
12. Nxc6 Bxd1 13. Nxe7+ Kh8 14. Rxd1 cxd4 15. c4 Re8 16. Nd5 Nxd5 17. cxd5 Na6
18. g3 Rad8 19. Bf4 Rxd5 {Ramsumair,D (1715)-Farquhar,A chess.com INT 2021 0-1}
) 5... Bd7 $146 ({RR} 5... Nc6 6. O-O Bg4 7. Bxc6+ Qxc6 8. Ne5 Bxd1 9. Nxc6 Ba4
10. Ne5 Bg7 11. Re1 e6 12. d4 cxd4 13. cxd4 Rd8 14. Be3 Ne7 15. Nc3 Bd7 16.
Nxd7 Rxd7 17. Red1 O-O 18. Rab1 Rfd8 19. d5 Bxc3 20. bxc3 {Mainz Mendivil,
I-Daza Cardona,M Oropesa del Mar 2001 0-1}) ({RR} 5... Nc6 6. Qe2 Bg7 7. Bc4
Qd6 8. Ng5 Ne5 9. Ne4 Qc7 10. Bb5+ Bd7 11. Bxd7+ Nxd7 12. O-O Ngf6 13. d3 O-O
14. Na3 a6 15. Nc2 Rfe8 16. h3 Nd5 17. Be3 e5 18. c4 Ne7 19. Rab1 f5 20. Nc3 {
Abromeit,G (1880)-Heinsohn,G (2182) Leipzig 2008 0-1 (31)}) ({RR} 5... Nc6 6.
O-O Bg7 7. d3 e6 8. Be3 Nge7 9. d4 cxd4 10. Nxd4 O-O 11. Bxc6 Nxc6 12. Nxc6
Qxc6 13. Qd2 b6 14. f3 Ba6 15. Rd1 Qc7 16. Na3 Rfd8 17. Qf2 Rd7 18. Nc2 Rad8
19. Rxd7 Qxd7 20. Nb4 {Schmidt,H (1787)-Moller,A (1865) Copenhagen 2014 0-1 
(73)}) 6. Bxd7+ Qxd7 7. d4 cxd4 8. Qxd4 Qxd4 9. Nxd4 Bg7 10. Nb5 Na6 11. O-O
Nf6 12. Re1 Kd7 13. Bf4 Nd5 14. Bg3 Rhc8 15. Nd2 Nac7 16. Nxc7 Nxc7 17. Ne4 Ne6
18. Rad1+ Ke8 19. Bh4 Rd8 20. Ng5 Rxd1 21. Rxd1 Nxg5 22. Bxg5 Rd8 23. Re1 Rd7
24. f3 f6 25. Be3 a6 26. Bd4 Kf7 27. f4 f5 28. Bxg7 Kxg7 29. Kf2 Rd2+ 30. Re2
Rxe2+ 31. Kxe2 Kf6 32. c4 e5 33. g3 g5 34. Ke3 h5 35. c5 h4 36. b4 hxg3 37.
hxg3 gxf4+ 38. gxf4 Ke6 39. a4 exf4+ 40. Kxf4 Kd5 41. Kxf5 Kc6 42. Ke5 b6 43.
cxb6 Kxb6 44. Kd5 Kb7 45. Kc5 Kc7 46. b5 Kb7 47. a5 1-0

[Event "Floripa Chess Open 2024"]
[Site "Florianopolis"]
[Date "2024.01.25"]
[Round "7.205"]
[White "Van Riemsdijk, Ian C Emiliano"]
[Black "Zottis, Ernani"]
[Result "1-0"]
[WhiteElo "1800"]
[BlackElo "1335"]
[PlyCount "93"]
[EventDate "2024.01.20"]
[EventRounds "10"]
[EventCountry "BRA"]

1. e4 e5 2. Nf3 Nc6 3. Nc3 Bc5 4. Nxe5 Qf6 5. Nf3 d6 6. Nd5 Qd8 7. d4 Bb6 8. c4
$146 ({RR} 8. c3 Be6 9. Nxb6 axb6 10. d5 Qe7 11. dxe6 Qxe6 12. Qd5 Nf6 13.
Qxe6+ fxe6 14. Bb5 Nxe4 15. Bxc6+ bxc6 16. O-O Kd7 17. Re1 Nc5 18. b4 Nd3 19.
Rd1 Nf4 {1-0 (19) Krajicek,K (1509)-Cernay,R (1350) Liptovsky Mikulas 2007}) ({
RR} 8. Bc4 Bg4 9. c3 h6 10. h3 Bh5 11. Nf4 Bxf3 12. Qxf3 Nf6 13. Nh5 Rg8 14.
Bxh6 Qe7 15. Nxf6+ gxf6 16. O-O O-O-O 17. b4 a6 18. a4 Rh8 19. Bg7 Rhg8 20.
Bxf6 Qd7 21. Bxd8 Nxd8 22. a5 Ba7 {Manyoki,A (1836)-Egyed,L Budapest 2004 1-0})
({RR} 8. Nxb6 axb6 9. Be2 Qf6 10. Be3 Nge7 11. O-O Qg6 12. Nd2 d5 13. Bf3 dxe4
14. Nxe4 Bf5 15. Qd3 Nd5 16. c3 O-O 17. Bd2 Rfe8 18. Rfe1 Nf6 19. Nxf6+ Qxf6
20. Be4 Bxe4 21. Rxe4 h6 22. a3 Ne7 {Rade,H-Mrak,M Pula 2001 1-0 (54)}) 8...
Bg4 9. Nxb6 axb6 10. Be2 Nge7 11. a3 h6 12. d5 Ne5 13. Nxe5 Bxe2 14. Qxe2 dxe5
15. Bd2 O-O 16. O-O f5 17. f4 Qd6 18. Bb4 Qf6 19. exf5 e4 20. Qxe4 Rfe8 21.
Qe6+ Kh7 22. Bxe7 Rxe7 23. Qxf6 gxf6 24. Rae1 Rd7 25. Re6 Kg7 26. Rfe1 Kf7 27.
Rd1 Ra4 28. Rd4 b5 29. Ree4 bxc4 30. Rxc4 Ra5 31. Red4 Ra8 32. Kf2 Rc8 33. g4
Rg8 34. Kf3 Rc8 35. Re4 Re8 36. Rcd4 Red8 37. h4 c5 38. Rd2 b5 39. g5 h5 40.
g6+ Kg7 41. Rde2 Kf8 42. Re6 Rxd5 43. Rxf6+ Kg7 44. Re7+ Kg8 45. Rfe6 Rd3+ 46.
Re3 c4 47. f6 1-0

[Event "Floripa Chess Open 2024"]
[Site "Florianopolis"]
[Date "2024.01.25"]
[Round "7.206"]
[White "Turci, Vivian Da Silva"]
[Black "Nunes, Alice"]
[Result "1-0"]
[WhiteElo "1800"]
[BlackElo "1274"]
[PlyCount "87"]
[EventDate "2024.01.20"]
[EventRounds "10"]
[EventCountry "BRA"]

1. d4 d5 2. c4 e6 3. Nc3 Nf6 4. e3 Nbd7 5. Nf3 c6 6. Bd3 Bb4 7. Bd2 O-O 8. O-O
Re8 9. Rc1 c5 10. a3 Bxc3 11. Bxc3 b6 12. Qe2 Bb7 13. Rfd1 $146 ({RR} 13. Rfe1
Qc7 14. h3 Re7 15. Nh2 Rae8 16. f4 dxc4 17. Bxc4 Ne4 18. Bd3 Ndf6 19. Ng4 Qb8
20. Nxf6+ Nxf6 21. dxc5 Nd5 22. Be5 Qa8 23. cxb6 Nxb6 24. Qg4 f5 25. Qg5 Nd7
26. Bd4 Rf7 27. Rc7 Ree7 {Olutola,T (1503)-Baroukh,L (1826) Hampstead 2013 0-1
(58)}) 13... Rc8 14. Rc2 Qe7 15. Rdc1 Rc7 16. Nd2 Kf8 17. dxc5 Nxc5 18. Nb3
Nxb3 19. Bb4 Nc5 20. cxd5 exd5 21. Bf5 a5 22. Bxc5 Rxc5 23. Rxc5 bxc5 24. Qb5
Qe5 25. Bh3 Bc8 26. Qxc5+ Qe7 27. Bxc8 Qxc5 28. Rxc5 Rd8 29. Bf5 Ne4 30. Rxa5
Nd2 31. h3 Nc4 32. Rb5 g6 33. Bg4 Kg7 34. Bf3 d4 35. Rb4 Ne5 36. Rxd4 Rxd4 37.
exd4 Nxf3+ 38. gxf3 Kf6 39. Kg2 Ke6 40. Kg3 Kd5 41. Kf4 Kxd4 42. Kg5 Kc4 43.
Kh6 Kb3 44. Kxh7 1-0

[Event "Floripa Chess Open 2024"]
[Site "Florianopolis"]
[Date "2024.01.25"]
[Round "7.207"]
[White "Nunes, Nicole"]
[Black "De Oliveira Fernandes, Luis Felipe Araujo "]
[Result "0-1"]
[WhiteElo "1253"]
[BlackElo "1800"]
[PlyCount "92"]
[EventDate "2024.01.20"]
[EventRounds "10"]
[EventCountry "BRA"]

1. d4 Nf6 2. Nf3 g6 3. c4 Bg7 4. Nc3 O-O 5. e4 d6 6. Be3 e5 7. dxe5 dxe5 8.
Qxd8 Rxd8 9. Nxe5 Nxe4 10. Nxf7 Bxc3+ 11. bxc3 Kxf7 12. Bd4 Nc6 $146 ({RR} 
12... c5 13. Be3 Nxc3 14. Bxc5 Nc6 15. g3 b6 16. Be3 Nb4 17. Rc1 Nc2+ 18. Rxc2
Rd1# {0-1 (18) Katz,S (1220)-Essa,N (1667) Waterkloof 2015}) 13. Ke2 Nxd4+ 14.
cxd4 Re8 15. Kf3 Nd2+ 16. Kg3 Nxf1+ 17. Rhxf1 Be6 18. a4 c6 19. c5 Rad8 20.
Rad1 Bc4 21. Rh1 Re4 22. f4 Rexd4 23. Rxd4 Rxd4 24. h4 Be2 25. Rb1 Ba6 26. Rh1
h5 27. Kf3 Rxa4 28. g4 Ra3+ 29. Ke4 hxg4 30. Rg1 Kf6 31. Rxg4 Bd3+ 32. Kd4 Bf5
33. Rg1 b5 34. cxb6 axb6 35. Rc1 Rd3+ 36. Kc4 Rf3 37. Kd4 Rxf4+ 38. Ke3 Re4+
39. Kf3 c5 40. Rb1 Re3+ 41. Kxe3 Bxb1 42. Kf4 c4 43. Ke3 Kf5 44. Kd4 Kg4 45.
Kxc4 Kxh4 46. Kb4 g5 0-1

[Event "Floripa Chess Open 2024"]
[Site "Florianopolis"]
[Date "2024.01.25"]
[Round "7.208"]
[White "Candido, Eduardo Da Silva"]
[Black "Biazon, Natalia De Oliveira"]
[Result "1-0"]
[WhiteElo "1792"]
[BlackElo "1250"]
[PlyCount "51"]
[EventDate "2024.01.20"]
[EventRounds "10"]
[EventCountry "BRA"]

1. e4 e6 2. d3 d5 3. Nd2 dxe4 4. dxe4 b6 ({RR} 4... Nf6 5. e5 Nd5 6. Ngf3 Be7
7. a3 b6 8. Ne4 c5 9. c4 Nc7 10. Qc2 f5 11. exf6 Bxf6 12. Nxf6+ gxf6 13. Bd3 f5
14. Bg5 Qd7 15. O-O-O Qg7 16. Bxf5 exf5 17. Rd8+ Kf7 18. Rxc8 {1-0 (18) Sale,S
(2403)-Steininger,F (2225) Oberwart 2002}) 5. Ngf3 Bb7 6. Bc4 ({RR} 6. Bd3 Nc6
7. Qe2 e5 8. O-O Nge7 9. Nc4 Ng6 10. c3 Bd6 11. Be3 O-O 12. g3 Nce7 13. Rad1 a6
14. Bc2 Nc8 15. Rd2 Qe7 16. Rfd1 a5 17. Bxb6 Ba6 18. Be3 Rb8 19. Bd3 Bxc4 20.
Bxc4 Nb6 {Passos,R (1893)-De Oliveira Filho,F (1638) Cuiaba BRA 2021 1-0 (46)})
6... Bc5 $146 ({RR} 6... Nc6 7. O-O Nf6 8. e5 Nd7 9. Qe2 Be7 10. Rd1 O-O 11.
Ne4 Qe8 12. Neg5 Bxg5 13. Bxg5 Nc5 14. Bb5 a6 15. Bxc6 Bxc6 16. Rd4 b5 17. Rad1
Bd5 18. Rh4 Nd7 19. Qd3 h6 20. Bxh6 gxh6 21. Rxh6 {Ellien,I (1840)-Simon,L 
(1750) Guingamp 2003 1-0}) 7. O-O Nf6 8. Qe2 O-O 9. Bb3 Nc6 10. e5 Nd5 11. Ne4
Nd4 12. Nxd4 Bxd4 13. Rd1 Bxe5 14. c4 Nf4 15. Bxf4 Qxd1+ 16. Rxd1 Bxf4 17. Qg4
Be5 18. Ng5 Bf6 19. Bc2 g6 20. Qh4 h5 21. Qg3 Rac8 22. Nxe6 Kh7 23. Rd7 Kh6 24.
Rxf7 Rg8 25. Qf4+ Bg5 26. Qxg5# 1-0

[Event "Floripa Chess Open 2024"]
[Site "Florianopolis"]
[Date "2024.01.25"]
[Round "7.209"]
[White "Scardini, Leonardo"]
[Black "De Oliveira, Ricardo W Lima"]
[Result "1-0"]
[WhiteElo "1246"]
[BlackElo "1800"]
[PlyCount "75"]
[EventDate "2024.01.20"]
[EventRounds "10"]
[EventCountry "BRA"]

1. d4 Nf6 2. c4 g6 3. Nc3 Bg7 4. e4 d6 5. Be2 O-O 6. Nf3 e5 7. d5 a5 8. a4 Na6
9. O-O ({RR} 9. Ra3 Nc5 10. Qc2 Nh5 11. Bg5 f6 12. Be3 b6 13. Nd2 Nf4 14. Bxf4
exf4 15. g4 fxg3 16. hxg3 f5 17. Kd1 Qf6 18. f3 Bd7 19. Kc1 Rae8 20. Kb1 Qd4
21. Rd1 Qf2 22. Nf1 Bxc3 23. bxc3 fxe4 {Feranec,M-Hefka,V (2493) Slovakia 1995
0-1}) ({RR} 9. Be3 Ng4 10. O-O Nxe3 11. fxe3 f5 12. Ne1 Bh6 13. exf5 Bxe3+ 14.
Kh1 gxf5 15. Rf3 Bh6 16. Nb5 Nc5 17. Rh3 Ne4 18. Nd3 Bg7 19. g4 f4 20. Rh5 Ng5
21. Nxc7 Rb8 22. Qc1 h6 23. Ne6 Bxe6 {Chang,R-Heng,C (1435) Hong Kong HKG 2018
0-1 (43)}) 9... Nh5 10. Ne1 Nf6 $146 ({RR} 10... Nf4 11. Bf3 Nc5 12. Be3 b6 13.
Bxc5 bxc5 14. Nd3 f5 15. Ra2 Qg5 16. Nxf4 exf4 17. Nb5 Rf7 18. b3 fxe4 19. Bxe4
f3 20. Bxf3 Be5 21. g3 Bh3 22. Bg2 Bg4 23. Qd2 Qh5 24. f4 Bg7 25. Qe3 {
Arianfar,M-Vahidi,R Iran 1992 0-1 (64)}) ({RR} 10... Nf4 11. Nd3 f5 12. f3
Nxe2+ 13. Qxe2 f4 14. Bd2 g5 15. Nd1 b6 16. N1f2 h5 17. h3 Rf7 18. b4 axb4 19.
Nxb4 Nc5 20. a5 bxa5 21. Nc6 Qf6 22. Rxa5 Rxa5 23. Bxa5 Qg6 24. Rb1 Bf8 25. Rb8
{Szukalski,A (1787)-Powalka,M (1835) Warsaw 2013 1-0 (53)}) ({RR} 10... Nf4 11.
Nd3 Nxd3 12. Qxd3 f5 13. f3 f4 14. g3 Bd7 15. b3 h5 16. gxf4 exf4 17. Kh1 Nc5
18. Qc2 Bh3 19. Rg1 Bd4 20. Rxg6+ Kh7 21. Rg1 Bxg1 22. Kxg1 Qg5+ {0-1 (22)
Wolters,V (1724)-Colijn,S (2264) Brasschaat 2015}) 11. Nd3 Nd7 12. b3 f5 13. f3
f4 14. Ba3 g5 15. Qe1 h5 16. Qf2 Nf6 17. c5 Rf7 18. g3 Bf8 19. Kh1 b6 20. c6
Qe7 21. Rg1 Rg7 22. Nb5 Qf7 23. gxf4 exf4 24. Nd4 Nh7 25. Bb2 Rg6 26. Bf1 Bg7
27. Bg2 Nf8 28. Qf1 Rh6 29. Bh3 Nh7 30. Bxc8 Rxc8 31. Nf5 Rf6 32. Bxf6 Qxf6 33.
Ra2 Nc5 34. Nxc5 dxc5 35. Rag2 Bh8 36. h4 Nf8 37. hxg5 Qg6 38. Nh4 1-0

[Event "Floripa Chess Open 2024"]
[Site "Florianopolis"]
[Date "2024.01.25"]
[Round "7.210"]
[White "Alves, Lucas Fernando"]
[Black "Dos Santos, Rafaela Alves"]
[Result "0-1"]
[WhiteElo "1216"]
[BlackElo "1800"]
[PlyCount "49"]
[EventDate "2024.01.20"]
[EventRounds "10"]
[EventCountry "BRA"]

1. e4 e5 2. Nf3 Nc6 3. Bb5 a6 4. Ba4 Nf6 5. O-O b5 6. Bb3 Bc5 7. c3 O-O 8. Re1
d6 9. d4 exd4 ({RR} 9... Bb6 10. Bg5 h6 11. Bh4 Re8 12. dxe5 Nxe5 13. Nxe5 dxe5
14. Nd2 g5 15. Bg3 Bg4 16. Qc2 c5 17. c4 Ba5 18. Nf1 Bxe1 19. Rxe1 Qd4 20. Ne3
Be6 21. Nd5 Bxd5 22. exd5 bxc4 23. Bxc4 Kg7 24. b3 {Almagro Llamas,P (2451)
-Delchev,A (2632) La Massana 2010 0-1 (50)}) 10. cxd4 Ba7 ({RR} 10... Bb4 11.
Bd2 Bxd2 12. Nbxd2 Bg4 13. Qc1 Na5 14. Bd1 Qd7 15. Qc3 Nc6 16. Rc1 Ne7 17. Qxc7
Qxc7 18. Rxc7 Ng6 19. h3 Bxf3 20. Bxf3 Rab8 21. g3 Rb6 22. Rec1 a5 23. Ra7 a4
24. Rcc7 b4 25. Nc4 {Xie,B (1761)-Li,Y Changsha CHN 2019 1-0 (31)}) 11. Bf4
$146 ({RR} 11. h3 h6 12. Nc3 Re8 13. a3 Bb7 14. Qc2 Nxd4 15. Nxd4 Bxd4 16. Bf4
Bxc3 17. Qxc3 Nxe4 18. Qc2 Qd7 19. Rad1 Nc5 20. Ba2 Be4 21. Qxc5 Qd8 22. Qd4
Bg6 23. Bd5 Rb8 24. Bc6 Re6 25. Rxe6 fxe6 {Capdeville,B (1268)-Bertot,G (1563)
San Francisco 2011 0-1 (39)}) ({RR} 11. Bg5 h6 12. Be3 Na5 13. Bc2 Nc4 14. Bc1
Bg4 15. b3 Bxf3 16. gxf3 Nb6 17. Be3 Re8 18. Kh1 Kh8 19. Nd2 Nbd7 20. Rg1 Nh7
21. f4 Ndf6 22. Qf3 c5 23. dxc5 d5 24. e5 d4 25. Ne4 dxe3 {Virag,A (2077)
-Csatlos,B Miskolc 2003 1-0 (32)}) 11... Bg4 12. d5 Nd4 13. Nbd2 Qd7 14. h3
Nxb3 15. axb3 Bh5 16. Qc2 Bg6 17. Nf1 Nxd5 18. Nh4 Nxf4 19. Nxg6 Nxg6 20. Rxa6
Bxf2+ 21. Qxf2 Rxa6 22. Ng3 Ne5 23. Rd1 Qe6 24. Qf4 Ng6 25. Qg4 0-1

[Event "Floripa Chess Open 2024"]
[Site "Florianopolis"]
[Date "2024.01.25"]
[Round "7.211"]
[White "Marques, Melissa Da Costa"]
[Black "Simoncini, Luana Felipe"]
[Result "1/2-1/2"]
[WhiteElo "1111"]
[BlackElo "1772"]
[PlyCount "53"]
[EventDate "2024.01.20"]
[EventRounds "10"]
[EventCountry "BRA"]

1. e4 c6 2. d4 d5 3. exd5 cxd5 4. Nc3 Bf5 5. Qf3 ({RR} 5. Bb5+ Nc6 6. Nf3 e6 7.
Bf4 Bd6 8. Be5 Nf6 9. Bxc6+ bxc6 10. O-O O-O 11. Ne2 Ng4 12. Ng3 Nxe5 13. Nxe5
Bxe5 14. dxe5 Rb8 15. Nxf5 exf5 16. Qd4 Qb6 17. Qxb6 Rxb6 18. b3 Rb4 19. f3 Re8
{Murray,R (2239)-Roy,A Swansea 2006 1/2-1/2 (60)}) 5... e6 6. Bb5+ ({RR} 6. a3
Bxc2 7. Nge2 Nc6 8. Qf4 Bd6 9. Qd2 Bg6 10. Ng3 Nf6 11. h3 a6 12. Be2 Qb6 13.
Bd3 Bxd3 14. Qxd3 Qxd4 15. Qc2 Bxg3 16. fxg3 Qe5+ 17. Ne2 Nd4 18. Qd3 Nxe2 19.
Qxe2 Qxg3+ 20. Qf2 Qxf2+ {Groemer,S (1300)-Moenius,O (1624) Schney 2015 0-1 
(32)}) 6... Nc6 7. Nge2 a6 $146 ({RR} 7... Nf6 8. Bf4 Be7 9. a3 O-O 10. h3 Bxc2
11. Qg3 Kh8 12. O-O a6 13. Bxc6 bxc6 14. Rac1 Bf5 15. Na4 Rc8 16. Nc5 Bxc5 17.
Rxc5 Ne4 18. Qf3 Nxc5 19. dxc5 f6 20. Bd6 Re8 21. Nd4 Bg6 22. Re1 {Gros,
D-Tomulic,T Nasice 2008 1/2-1/2 (57)}) 8. Ba4 Nf6 9. h3 Be7 10. g4 Bg6 11. Rg1
Ne4 12. Nxe4 Bxe4 13. Qc3 Rc8 14. Qg3 Bh4 15. Qf4 h6 16. c3 b5 17. Bd1 O-O 18.
Be3 Be7 19. Qg3 Bd6 20. Bf4 Bxf4 21. Qxf4 Re8 22. g5 hxg5 23. Rxg5 Qc7 24. Qf6
g6 25. Qf4 Qxf4 26. Nxf4 Rc7 27. Nh5 1/2-1/2

[Event "Floripa Chess Open 2024"]
[Site "Florianopolis"]
[Date "2024.01.25"]
[Round "7.213"]
[White "Da Rosa, Pauline Cardoso"]
[Black "Costa Neto, Luis Antonio"]
[Result "0-1"]
[WhiteElo "1800"]
[BlackElo "1415"]
[PlyCount "58"]
[EventDate "2024.01.20"]
[EventRounds "10"]
[EventCountry "BRA"]

1. e4 c6 2. d4 d5 3. exd5 cxd5 4. Nc3 Bf5 5. Bd3 Bxd3 6. Qxd3 Nc6 ({RR} 6... e6
7. Nf3 Nc6 8. Bf4 Bd6 9. Qd2 Nge7 10. O-O O-O 11. Ne2 Rc8 12. b3 Nf5 13. c4 b6
14. cxd5 Bb4 15. Qd3 Qxd5 16. a3 Bd6 17. Bxd6 Qxd6 18. b4 Rfd8 19. Rfd1 h6 20.
g3 Rc7 21. b5 {Pfannkuchen,K-Bauer,R (2315) Germany 1996 0-1}) ({RR} 6... e6 7.
Nge2 Nf6 8. O-O a6 9. Bf4 Bd6 10. Bxd6 Qxd6 11. Qg3 Qxg3 12. Nxg3 O-O 13. Na4
b5 14. Nc5 Nbd7 15. Nxd7 Nxd7 16. Rfd1 g6 17. Nf1 Nb6 18. Nd2 Nc4 19. b3 Nxd2
20. Rxd2 Rfc8 21. Kf1 {Dalgar,S (1466)-Kulaoglu,C (1438) Konya TUR 2019 1/2-1/2
}) 7. Nf3 Nf6 8. O-O e6 9. Re1 $146 ({RR} 9. Bg5 Be7 10. Rfe1 O-O 11. Ne5 Nb4
12. Qe2 Qb6 13. Bxf6 Bxf6 14. Nd7 Qxd4 15. Nxf8 Kxf8 16. a3 Nc6 17. Rad1 Qc5
18. Qd3 g6 19. Na4 Qd6 20. Qe3 b5 21. Qc5 Qxc5 22. Nxc5 Bxb2 23. Rd3 b4 {
Thibeault,T-Lenning,B Lansing 1990 1/2-1/2 (44)}) ({RR} 9. a3 Bd6 10. Bg5 O-O
11. h4 Be7 12. g3 a6 13. Kg2 b5 14. Ne5 Rc8 15. Nxc6 Rxc6 16. Rh1 Qc7 17. Bd2
Rc8 18. h5 Qa7 19. f3 h6 20. Ne2 Nh7 21. c3 Qb7 22. g4 a5 23. f4 b4 {Majdanics,
I-Horvath,P (2290) Aggtelek 1993 1-0 (42)}) ({RR} 9. Bg5 Be7 10. Qb5 Qc7 11.
Rfe1 a6 12. Qe2 O-O 13. Rad1 Rfe8 14. Bxf6 Bxf6 15. Nxd5 Qd8 16. Nxf6+ Qxf6 17.
c3 Rac8 18. Qe4 h6 19. Ne5 Nxe5 20. dxe5 Qe7 21. Rd6 Red8 22. Red1 b5 23. R1d4
a5 {Mairon,O-Rueter,M Untergriesbach 2003 1/2-1/2 (45)}) 9... Be7 10. Ne2 O-O
11. Ng3 Nb4 12. Qd2 Bd6 13. c3 Nc6 14. Ne5 Qc7 15. Qg5 Ne4 16. Qg4 f5 17. Qf3
Bxe5 18. dxe5 Nxe5 19. Qe3 f4 20. Qe2 fxg3 21. fxg3 Qf7 22. Bf4 Nc6 23. Rf1 Qe7
24. c4 Nd4 25. Qd3 Rxf4 26. gxf4 Qc5 27. Rae1 Ne2+ 28. Kh1 Qg1+ 29. Rxg1 Nf2#
0-1